000 00700cam a22002411 4500
001 sa 66000050
003 DLC
005 20260227112212.0
008 820127s1965 ii b 001 0 eng
010 _asa 66000050
015 _aPL480:I-E-4719
035 _a(OCoLC)8100040
040 _aDLC
_cKyRE
_dDLC
042 _apremarc
050 0 0 _aHN683.5
_b.M33 1965
100 1 _aMamoria, C. B.
245 1 0 _aSocial problems and social disorganisation in India
_c[by] C. B. Mamoria.
250 _a[2d rewritten and enl. ed.]
260 _aAllahabad,
_bKitab Mahal,
_c1965.
300 _axv, 520 p.
_c23 cm.
504 _a"Suggested readings": p. [509]-515.
651 0 _aIndia
_xSocial conditions.
999 _c67006
_d67006